| 000 | 00520cam a2200193ua 4500 | ||
|---|---|---|---|
| 001 | 2786 | ||
| 005 | 20260515113555.0 | ||
| 008 | 110908n ii |||gr||||Z||||||asm | ||
| 040 | _cMAIN | ||
| 082 | _a891.4512 | ||
| 100 | 1 |
_aBhattacharyya, Tarinikanta, _eAuthor. |
|
| 245 | 1 | 1 |
_aEbsenar natya prativa _cby Tarinikanta Bhattacharyya |
| 250 | _a2nd. | ||
| 260 |
_aGuahati: _bSecretary publication board assam,991. |
||
| 300 |
_a235p: _c23cm. |
||
| 653 | _aAssamese drama | ||
| 653 | _aEbsenar natya prativa | ||
| 942 | _cBK | ||
| 999 |
_c2633 _d2633 |
||